Adventure tourism: Global and Indian perspective (Record no. 360559)

MARC details
000 -LEADER
fixed length control field 00502 a2200181 4500
005 - DATE & TIME
control field 20250421111338.0
008 - FIXED-LENGTH DATA ELEMENTS--GENERAL INFORMATION
fixed length control field 250421b |||||||| |||| 00| 0 eng d
020 ## - ISBN
International Standard Book Number 9788119907212
Price Rs. 1495.00
040 ## - CATALOGING SOURCE
Original cataloging agency VIVEKANANDA LIBRARY
082 ## - DDC NUMBER
Classification number 338.4791
Book Number T326A
100 ## - MAIN ENTRY--PERSONAL NAME
Personal name Thakur, Arun Singh
245 ## - TITLE STATEMENT
Title Adventure tourism: Global and Indian perspective
260 ## - PUBLICATION, DISTRIBUTION, ETC. (IMPRINT)
Name of publisher, distributor, etc Indu Book Services
Date of publication, distribution, etc 2024
Place of publication, distribution, etc New Delhi
300 ## - PHYSICAL DESCRIPTION
Pages xii, 259
650 ## - Subject
Subject Hotel Managemant
650 ## - Subject
General subdivision Tourism Development
942 ## - ADDED ENTRY ELEMENTS (KOHA)
Koha item type Books
Holdings
Withdrawn status Lost status Source of classification or shelving scheme Damaged status Not for loan Location (home branch) Sublocation or collection (holding branch) Shelving location Date acquired Koha issues (times borrowed) Koha full call number Accession No. Koha date last seen Koha item type
    Dewey Decimal Classification     VIVEKANANDA LIBRARY VIVEKANANDA LIBRARY IHTM Library 20/01/2025   338.4791 T326A 425062 20/01/2025 Books
© Designed and Maintained by Vivekananda Library, MDU Rohtak